02377nab a2200241 i 4500003000900000005001700009008004100026040001800067072000800085100002900093100002600122245008100148500006600229520078400295520071101079650002601790650001401816650001801830773018201848856007802030942000802108999001902116BR-BrBNA20241122103852.0241122b2010 bl.qr|pooa||| 00| 0 por | aBR-BrBNAbpor aF70 aBigio, Narcísio Costa  aSecco, Ricardo de S.  aUma nova espécie de Pera (Peraceae) endêmica de Manaus, Amazonas, Brasil aPublicação on-line; 18 ref.; 1 illus.; Summaries (En, Pt) a Resumo Pera manausensis Bigio & Secco, uma nova espécie de Euphorbiaceae endêmica de Manaus, Amazonas, é descrita e ilustrada. Esta espécieé afim de P. decipiens Muell. Arg., P. bicolor (Klotzsch) Muell. Arg.e P. tomentosa (Benth.) Muell. Arg., mas separa-se destas por ser a única a apresentar face abaxial da folha com tricomas lepidoto-estrelados, emaranhados, flores estaminadas com cálice 3-lobado e pistilódio filiforme, e flores pistiladas com ovário tomentoso, estigma 3-lobado, lobos bipartidos e estaminódios sepalóides, filiformes. Discussões sobre as afinidades do novo táxon, bem como uma chave para separação das espécies mais próximas, são apresentadas. Palavras-chave: Amazônia brasileira, Euphorbiaceae, espécie nova.  a Abstract Pera manausensis Bigio & Secco, a new species of Euphorbiaceae endemic to Manaus, Amazonas, is described and illustrated. This species is closely related to P. decipiens Muell. Arg., P. bicolor (Klotzsch) Muell. Arg. and P. tomentosa (Benth.) Muell. Arg., but can be recognized by the following: leaf abaxial surface with entangled, lepidote-stellate trichomes; staminate flowers with calyx 3-lobed and pistillodium filiform; pistillate flowers with tomentose ovary, stigma 3-lobed, lobes bifid, and staminodia sepaloid, filiform. The affinities of the new taxon are discussed and a key to separate closely related species is presented. Key words: Brazilian Amazon, Euphorbiaceae, new species. aAMAZÔNIA BRASILEIRA aESPÉCIE aEUPHORBIACEAE0 07099346539dRio de Janeiro-RJ Jardim Botanico do Rio de Janeiro 1935o2024-7210tRodriguésia (Brazil)x0370-6583; 2175-7860 on-linegv. 61(1) p. 077--81; (2010)wBR2024003619 uhttps://www.scielo.br/j/rod/a/5dTg765XBgQtDfcqCKcY9jn/?format=pdf&lang=pt cANA c328768d328768